[Event "Athens op 04"]
[Site "Athens"]
[Date "2012.04.18"]
[Round "4"]
[White "Siaparinas, Konstantinos"]
[Black "Markantonaki, Haritomeni"]
[Result "0-1"]
[WhiteElo "1880"]
[BlackElo "2141"]
[PlyCount "96"]
[EventDate "2012.03.31"]
[EventType "swiss"]
[EventRounds "7"]
[EventCountry "GRE"]
[SourceTitle "EXT 2014"]
[Source "ChessBase"]
[SourceDate "2013.11.20"]
[SourceVersion "1"]
[SourceVersionDate "2013.11.20"]
[SourceQuality "1"]

1. c4 e6 2. g3 Nf6 3. Bg2 d5 4. Nf3 Be7 5. 0-0 0-0 6. b3 c5 7. cxd5 Nxd5 8. Bb2 Nc6 9. d3 b6 10. Nbd2 Bb7 11. Rc1 Rc8 12. Nc4 Rc7 13. a3 h6 14. e3 Ba6 15. Qd2 Bf6 16. Rfd1 Re8 17. Qc2 Qb8 18. Nfe5 Nxe5 19. Nxe5 Rd8 20. e4 Ne7 21. f4 Qc8 22. d4 Bxe5 23. fxe5 Rcd7 24. Qf2 Qa8 25. d5 exd5 26. Bh3 d4 27. e6 fxe6 28. Bxe6+ Kh7 29. Bxd7 Rxd7 30. Qf4 Ng6 31. Qf5 Re7 32. Re1 Bc8 33. Qd5 Bb7 34. Qd6 Bxe4 35. Re2 Bh1 36. Rf2 Qe4 37. b4 Rf7 38. Rcf1 Rxf2 39. Rxf2 Qb1+ 40. Rf1 Qxb2 41. Kxh1 Qxa3 42. Qc7 d3 43. Rf7 Qc3 44. bxc5 bxc5 45. Rd7 c4 46. Qxa7 Qe1+ 47. Kg2 Qe2+ 48. Kh3 Qf1+ 0-1

[Event "Athens Smaok 1900+ op 6th"]
[Site "Athens"]
[Date "2010.05.14"]
[Round "1.4"]
[White "Siaparinas, Konstantinos"]
[Black "Zygouris, Hristos"]
[Result "0-1"]
[WhiteElo "1979"]
[BlackElo "2238"]
[PlyCount "67"]
[EventDate "2010.05.11"]
[EventType "swiss"]
[EventRounds "7"]
[EventCountry "GRE"]
[SourceTitle "EXT 2024"]
[Source "ChessBase"]
[SourceDate "2023.10.10"]
[SourceVersion "1"]
[SourceVersionDate "2023.10.10"]
[SourceQuality "1"]

1. Nf3 d5 2. d4 Nf6 3. c4 c6 4. Nc3 dxc4 5. a4 Bf5 6. Nh4 Bd7 7. e4 e6 8. Nf3 b5 9. Bg5 Be7 10. Nd2 0-0 11. e5 Nd5 12. Bxe7 Qxe7 13. Be2 f6 14. 0-0 fxe5 15. dxe5 Be8 16. Nf3 Nf4 17. Re1 a6 18. Qd4 Nxe2+ 19. Nxe2 Bh5 20. Nd2 Rd8 21. Qc3 Rd3 22. Qc1 Qg5 23. Ne4 Qxc1 24. Raxc1 Bxe2 25. Rxe2 Nd7 26. f4 Rf8 27. g3 h6 28. Rc3 Rd5 29. b3 cxb3 30. Rxc6 bxa4 31. Rxa6 Rb8 32. Rb2 Nc5 33. Nxc5 Rxc5 34. Rxa4 0-1

[Event "Athens Smaok op 5th"]
[Site "Athens"]
[Date "2010.04.20"]
[Round "5.5"]
[White "Siaparinas, Konstantinos"]
[Black "Galanos, Dimitrios"]
[Result "0-1"]
[WhiteElo "2009"]
[BlackElo "2154"]
[PlyCount "66"]
[EventDate "2010.03.16"]
[EventType "swiss"]
[EventRounds "7"]
[EventCountry "GRE"]
[SourceTitle "EXT 2024"]
[Source "ChessBase"]
[SourceDate "2023.10.10"]
[SourceVersion "1"]
[SourceVersionDate "2023.10.10"]
[SourceQuality "1"]

1. d4 Nf6 2. c4 g6 3. Nc3 d5 4. cxd5 Nxd5 5. e4 Nxc3 6. bxc3 Bg7 7. Bb5+ c6 8. Ba4 0-0 9. Ne2 e5 10. 0-0 Qe7 11. d5 f5 12. d6 Qf6 13. exf5 gxf5 14. f4 e4 15. Rb1 Rd8 16. Ba3 b6 17. Nd4 Bd7 18. Bb3+ Kh8 19. Qe2 a6 20. Qc4 c5 21. Qd5 Ra7 22. Ne6 Bxe6 23. Qxe6 Qxe6 24. Bxe6 Rxd6 25. Bxf5 Bxc3 26. Bxc5 bxc5 27. Rxb8+ Kg7 28. Bxe4 Rd2 29. a4 Re7 30. Rb7 Bd4+ 31. Kh1 Rxb7 32. Bxb7 c4 33. Rc1 Bb2 0-1

[Event "Athens Smaok op 5th"]
[Site "Athens"]
[Date "2010.04.13"]
[Round "4.8"]
[White "Maroulakos, Stavros"]
[Black "Siaparinas, Konstantinos"]
[Result "0-1"]
[WhiteElo "1773"]
[BlackElo "2009"]
[PlyCount "78"]
[EventDate "2010.03.16"]
[EventType "swiss"]
[EventRounds "7"]
[EventCountry "GRE"]
[SourceTitle "EXT 2024"]
[Source "ChessBase"]
[SourceDate "2023.10.10"]
[SourceVersion "1"]
[SourceVersionDate "2023.10.10"]
[SourceQuality "1"]

1. e4 e6 2. d4 d5 3. Nc3 Bb4 4. e5 c5 5. a3 Bxc3+ 6. bxc3 Ne7 7. Nf3 Nbc6 8. Be2 Qa5 9. 0-0 Qa4 10. Rb1 a6 11. Bd3 c4 12. Be2 Na7 13. Qd2 Nec6 14. Re1 Nb5 15. Bd1 Bd7 16. Ng5 h6 17. Nh3 0-0-0 18. Nf4 g6 19. Re3 Rdg8 20. Bf3 h5 21. Qe2 Ne7 22. Rb4 Qa5 23. a4 Nxc3 24. Rxc3 Qxb4 25. Qd2 Nf5 26. Bxd5 exd5 27. Nxd5 Qb1 28. Rxc4+ Kb8 29. Rb4 Qa1 30. e6 Bxe6 31. Qf4+ Ka8 32. Nc7+ Ka7 33. d5 Bc8 34. Qd2 Rd8 35. c4 Qd4 36. Qe1 Qc5 37. Qe5 Qxb4 38. Be3+ Nxe3 39. Qxe3+ Qb6 0-1

[Event "Athens Smaok op 5th"]
[Site "Athens"]
[Date "2010.03.30"]
[Round "3.3"]
[White "Siaparinas, Konstantinos"]
[Black "Delithanasis, Dimitrios"]
[Result "0-1"]
[WhiteElo "2009"]
[BlackElo "2204"]
[PlyCount "104"]
[EventDate "2010.03.16"]
[EventType "swiss"]
[EventRounds "7"]
[EventCountry "GRE"]
[SourceTitle "EXT 2024"]
[Source "ChessBase"]
[SourceDate "2023.10.10"]
[SourceVersion "1"]
[SourceVersionDate "2023.10.10"]
[SourceQuality "1"]

1. c4 c5 2. Nf3 Nf6 3. Nc3 b6 4. g3 Bb7 5. Bg2 g6 6. b3 Bg7 7. Bb2 0-0 8. 0-0 a6 9. d3 d6 10. Rc1 Nbd7 11. e3 b5 12. Qc2 b4 13. Ne2 a5 14. Rfd1 a4 15. Ne1 Qb6 16. d4 Bxg2 17. Nxg2 Qb7 18. d5 Ra6 19. h3 Rfa8 20. g4 axb3 21. axb3 Ra2 22. Rb1 Ne8 23. Nc1 Rxb2 24. Rxb2 Bxb2 25. Qxb2 Qa6 26. Rd2 Qa1 27. Kh2 Qxb2 28. Rxb2 Ra1 29. Rc2 e5 30. dxe6 fxe6 31. Nf4 Kf7 32. Nfd3 e5 33. Ra2 Rxa2 34. Nxa2 e4 35. Nf4 g5 36. Nh5 Ke6 37. Ng3 d5 38. cxd5+ Kxd5 39. Nc1 Nd6 40. Nge2 Ne5 41. Kg3 Nf3 42. Kg2 Nb7 43. Ng1 Nd2 44. f4 h6 45. Kf2 Na5 46. Nge2 Naxb3 47. Nxb3 Nxb3 48. Ng3 Nc1 49. fxg5 hxg5 50. Ke1 Nd3+ 51. Kd2 Nf2 52. h4 gxh4 0-1

[Event "Athens Smaok op 5th"]
[Site "Athens"]
[Date "2010.03.23"]
[Round "2"]
[White "Klokas, Konstantinos"]
[Black "Siaparinas, Konstantinos"]
[Result "0-1"]
[WhiteElo "2186"]
[BlackElo "2009"]
[PlyCount "54"]
[EventDate "2010.03.16"]
[EventType "swiss"]
[EventRounds "7"]
[EventCountry "GRE"]
[SourceTitle "EXT 2011"]
[Source "ChessBase"]
[SourceDate "2010.11.26"]
[SourceVersion "1"]
[SourceVersionDate "2010.11.26"]
[SourceQuality "1"]

1. e4 e6 2. d4 d5 3. e5 c5 4. c3 Nc6 5. Nf3 Qb6 6. a3 Nh6 7. b4 cxd4 8. cxd4 Nf5 9. Bb2 Bd7 10. g4 Nh6 11. h3 f6 12. Bd3 fxe5 13. dxe5 Be7 14. g5 Nf7 15. h4 0-0-0 16. b5 Na5 17. Bd4 Bc5 18. Qc2 Nc4 19. Bxc5 Qxc5 20. a4 Kb8 21. Nbd2 Nfxe5 22. Nxe5 Nxe5 23. Bxh7 Qd4 24. Nb3 Qb4+ 25. Kf1 g6 26. Qb2 Qc4+ 27. Kg1 Nf3+ 0-1

[Event "Athens Smaok op 5th"]
[Site "Athens"]
[Date "2010.03.16"]
[Round "1"]
[White "Siaparinas, Konstantinos"]
[Black "Marianidis, Dimitrios"]
[Result "1-0"]
[WhiteElo "2009"]
[BlackElo "1844"]
[PlyCount "117"]
[EventDate "2010.03.16"]
[EventType "swiss"]
[EventRounds "7"]
[EventCountry "GRE"]
[SourceTitle "EXT 2011"]
[Source "ChessBase"]
[SourceDate "2010.11.26"]
[SourceVersion "1"]
[SourceVersionDate "2010.11.26"]
[SourceQuality "1"]

1. Nf3 e6 2. c4 f5 3. g3 Nf6 4. Bg2 Nc6 5. d3 Bb4+ 6. Nc3 0-0 7. Bd2 d6 8. 0-0 a6 9. a3 Bxc3 10. Bxc3 e5 11. b4 Qe8 12. a4 Ne7 13. c5 Ned5 14. Qb3 Kh8 15. Bb2 Be6 16. Qa3 Qd7 17. e4 fxe4 18. dxe4 Nxe4 19. Nxe5 dxe5 20. Bxe4 Bh3 21. Rfd1 Qf7 22. f3 c6 23. Bxe5 Rae8 24. Qb2 Ne3 25. Rdc1 Rd8 26. Qe2 Nf5 27. Rd1 Qb3 28. Qb2 Qe3+ 29. Kh1 Qh6 30. Bf4 Qe6 31. Rab1 Ne7 32. Rxd8 Rxd8 33. Qc2 Bf5 34. Bxf5 Nxf5 35. Rd1 Rxd1+ 36. Qxd1 h6 37. Qd3 Qe1+ 38. Kg2 Ne7 39. Qe3 Qxe3 40. Bxe3 Nd5 41. Bd2 Kh7 42. g4 Kg6 43. Kg3 h5 44. h4 hxg4 45. fxg4 Kf6 46. g5+ Kf5 47. h5 Nc7 48. h6 gxh6 49. gxh6 Kg6 50. Kf3 Nd5 51. Ke4 Kf6 52. Kd4 Nc7 53. Kc4 Nd5 54. Bc3+ Nxc3 55. Kxc3 Kg6 56. Kd4 Kxh6 57. Ke5 Kg6 58. Kd6 Kf6 59. Kc7 1-0

[Event "Athens Smaok op 4th"]
[Site "Athens"]
[Date "2010.02.23"]
[Round "7"]
[White "Siaparinas, Konstantinos"]
[Black "Efthimiou, Georgios"]
[Result "1/2-1/2"]
[WhiteElo "1978"]
[BlackElo "1825"]
[PlyCount "90"]
[EventDate "2010.01.12"]
[EventType "swiss"]
[EventRounds "7"]
[EventCountry "GRE"]
[SourceTitle "EXT 2011"]
[Source "ChessBase"]
[SourceDate "2010.11.26"]
[SourceVersion "1"]
[SourceVersionDate "2010.11.26"]
[SourceQuality "1"]

1. c4 g6 2. Nc3 Bg7 3. d4 c5 4. d5 d6 5. e4 Bxc3+ 6. bxc3 f5 7. Bd3 fxe4 8. Bxe4 Nf6 9. Bd3 0-0 10. Nf3 Bg4 11. h3 Bxf3 12. Qxf3 Nbd7 13. Bh6 Ne5 14. Qe3 Nxd3+ 15. Qxd3 Rf7 16. 0-0 Nh5 17. f4 Qd7 18. g4 Ng7 19. Rae1 Kh8 20. Re2 Ne8 21. f5 gxf5 22. Rxf5 Rxf5 23. Qxf5 Qxf5 24. gxf5 Ng7 25. Bxg7+ Kxg7 26. Rxe7+ Kf6 27. Rxh7 Kxf5 28. Kf2 Re8 29. Rf7+ Kg6 30. Rxb7 Re4 31. Rxa7 Rxc4 32. Ra6 Rxc3 33. Rxd6+ Kf5 34. h4 Rc2+ 35. Ke3 Rxa2 36. Kd3 Ke5 37. Rd8 Rh2 38. Kc4 Rc2+ 39. Kd3 Rc1 40. h5 c4+ 41. Kd2 Rh1 42. Kc3 Rc1+ 43. Kd2 Rh1 44. Kc3 Rc1+ 45. Kd2 Rh1 1/2-1/2

[Event "Athens Smaok op 4th"]
[Site "Athens"]
[Date "2010.02.16"]
[Round "6"]
[White "Delis, Georgios"]
[Black "Siaparinas, Konstantinos"]
[Result "0-1"]
[WhiteElo "1947"]
[BlackElo "1978"]
[PlyCount "56"]
[EventDate "2010.01.12"]
[EventType "swiss"]
[EventRounds "7"]
[EventCountry "GRE"]
[SourceTitle "EXT 2011"]
[Source "ChessBase"]
[SourceDate "2010.11.26"]
[SourceVersion "1"]
[SourceVersionDate "2010.11.26"]
[SourceQuality "1"]

1. d4 Nf6 2. c4 g6 3. Nc3 Bg7 4. e4 d6 5. f4 0-0 6. Nf3 Na6 7. e5 dxe5 8. fxe5 Nd7 9. c5 c6 10. Bxa6 bxa6 11. Qa4 Qc7 12. Ng5 Nxe5 13. dxe5 Qxe5+ 14. Kf2 Qxc5+ 15. Be3 Qf5+ 16. Nf3 Rb8 17. Bc1 Qc5+ 18. Be3 Rxb2+ 19. Ne2 Qf5 20. Rhd1 Be6 21. Bd4 Qe4 22. Qxa6 Bxd4+ 23. Rxd4 Qc2 24. Qd3 Qc5 25. Kf1 Rxa2 26. Rxa2 Bxa2 27. Nc3 Be6 28. Rd8 Bc4 0-1

[Event "Ambelokipi op 87th"]
[Site "Athens"]
[Date "2008.05.21"]
[Round "4"]
[White "Sideris, Theodoros"]
[Black "Siaparinas, Konstantinos"]
[Result "1-0"]
[WhiteElo "2013"]
[BlackElo "1925"]
[PlyCount "67"]
[EventDate "2008.05.10"]
[EventType "swiss"]
[EventRounds "7"]
[EventCountry "GRE"]
[SourceTitle "EXT 2010"]
[Source "ChessBase"]
[SourceDate "2010.11.25"]
[SourceVersion "1"]
[SourceVersionDate "2010.11.25"]
[SourceQuality "1"]

1. e4 e6 2. d4 d5 3. Nc3 Bb4 4. Nge2 dxe4 5. a3 Be7 6. Nxe4 Nd7 7. g3 Ngf6 8. Nxf6+ Nxf6 9. Bg2 0-0 10. 0-0 c5 11. dxc5 Bxc5 12. Bg5 Be7 13. c4 Qa5 14. Bd2 Qc7 15. Qc2 Bd7 16. b4 Rac8 17. Rac1 Bb5 18. Nd4 Bxc4 19. Rfe1 Nd5 20. Be4 g6 21. Bh6 Rfe8 22. Qa4 Qb8 23. Bxd5 Bxd5 24. Bf4 Rxc1 25. Rxc1 Rc8 26. Nc6 Rxc6 27. Qxc6 bxc6 28. Bxb8 a6 29. Ba7 Bf6 30. a4 Bb3 31. Rxc6 Bxa4 32. Rxa6 Bb3 33. Bc5 Bc4 34. Ra8+ 1-0